| 000 | 00339nam a2200133Ia 4500 | ||
|---|---|---|---|
| 005 | 20260328104310.0 | ||
| 008 | 260328s9999||||xx |||||||||||||| ||und|| | ||
| 100 | _aHorta, Aurelio | ||
| 245 | 0 |
_aPensar el Diseño una profesión del Siglo XXI / _cAurelio Horta |
|
| 260 | _bVeritas | ||
| 300 | _a191 p. | ||
| 650 | _aTEORÍA | ||
| 942 | _cBK | ||
| 999 |
_c10918 _d10918 |
||